000 00393nam a2200169Ia 4500
001 10177
003 IN-NITTTR
005 20251114233055.0
008 251113s9999||||xx |||||||||||||| ||eng||
040 _beng
040 _cIN-NITTTR
041 _aeng
082 _a370.15 R191T
100 _aRauf, Abdur
245 0 _aText book on educational psychology. /
_cRauf, Abdur
942 _2ddc
_cBK
999 _c12814
_d12814